01004nam a2200229 a 450000100100000000500170001000800410002704000250006808200180009310000420011124501230015326000420027630000360031850000640035450000740041850400330049259000260052565000520055191000380060395201160064199900170075700003943020201002031639.0130417s2002 dr ac r 000 0 spa d aDO-SdBNPbspacBNPHU a150.19bS237d1 aSantos, Domingo de los,d1971-96498410aDe la antiguedad a la postmodernidad :blas principales ídeas filosóficas y su contextos /cDomingo de los Santos. aSanto Domingo :bTecni-Offset,c2002. a297 p. :bil., retrs. ;c24 cm. aIncluye datos biografícos del autor en la contracubierta. aIncluye referencias bibliográficas y notas al pie de las páginas. aBibliografía : p. 292-297. aInventariado, 2018/LP 4aFilosofíaxEnsayos, conferencias, etc.933791 aValidado. Control de calidad. EMS 0010718PDaPDbPDcHDd2013-06-26iLF1l0o150.19 S237dp39430-10r2020-06-25w2020-06-25yLFPDZNo se presta c38920d38920